| 000 | 02111nam1a22006011 4500 | ||
|---|---|---|---|
| 001 | RU\NLR\A1SV\17355 | ||
| 005 | 20251203171251.9 | ||
| 035 | _a(NLR Aleph) 009702476 | ||
| 090 |
_a9792557 _c9792557 |
||
| 100 | _a19991130g19231925u y0rusy50 ca | ||
| 101 | 1 |
_arus _ceng |
|
| 102 | _aRU | ||
| 200 | 1 |
_aИстория тред-юнионизма _fСидней и Беатриса Вебб _gПер. под ред. В.Яроцкого, с пересмотр. и доп. изд. 1920 г. _gПредисл. В.Я. |
|
| 205 |
_a3-е изд. _bпересмотр. |
||
| 210 |
_aМ. _cРИО ВЦСПС _d1923-1925 |
||
| 215 | _d23 см | ||
| 463 | 0 |
_1001RU\NLR\A1SV\17356 _913478237 _d1923 _p110, [1] с. _tИстория тред-юнионизма. - Происхождение тред-юнионизма |
|
| 463 | 0 |
_1001RU\NLR\A1SV\17357 _913478238 _d1925 _p116 с. _tИстория тред-юнионизма. - Революционный период |
|
| 620 | _dМосква | ||
| 700 | 1 |
_aВебб _bС. _f1859-1947 _gСидней _4070 |
|
| 701 | 1 |
_aВебб _bБ. _f1858-1943 _gБеатриса _4070 |
|
| 702 | 1 |
_aЯроцкий _bВ. Я. _f1887-1938 _gВасилий Яковлевич _4070 |
|
| 801 | 0 |
_aRU _bNLR _c19991130 |
|
| 852 |
_aNLR _j3/92 |
||
| 899 |
_aНБУВ _z(Вып.2) |
||
| 899 |
_aКОУНБ _z(Вып.1) |
||
| 899 | _aИОГУНБ | ||
| 899 | _aБАН | ||
| 899 | _aГПИБ | ||
| 899 | _aНБ ЧР | ||
| 899 | _aСПбГУ | ||
| 899 | _aНБЛ КГУ | ||
| 899 | _aNLG | ||
| 899 | _aАстОНБ | ||
| 899 | _aРКП | ||
| 899 | _aМГУ | ||
| 899 |
_aНГОУНБ _z(Вып.1) |
||
| 899 | _aКирОУНБ | ||
| 899 |
_aНБ КемГУ _z(Вып.1) |
||
| 899 | _aРГБ | ||
| 899 |
_aСамОУНБ _z(Вып.2) |
||
| 899 |
_aНБ Бел. _z(Вып.2) |
||
| 899 |
_aАОНБ _z(Вып.1) |
||
| 899 | _aНБ РК | ||
| 899 |
_aНБ ПетрГУ _z(Вып.I) |
||
| 899 |
_aКУНБ _z(Вып.1) |
||
| 899 | _aГОПБ | ||
| 899 |
_aГБ РУз. _z(Вып.2) |
||
| 899 |
_aАКУНБ _z(Вып.1) |
||
| 942 | _cBOOK | ||
| 980 | _aNB | ||
| 980 | _aA1SV | ||